| 000 | 01405cam a2200349 a 4500 | ||
|---|---|---|---|
| 001 | ebr10661742 | ||
| 003 | CaPaEBR | ||
| 006 | m u | ||
| 007 | cr cn||||||||| | ||
| 008 | 091222s2010 nyua s 001 0 eng d | ||
| 010 | _z2009050565 | ||
| 020 | _z9781616681517 (hardcover) | ||
| 020 | _z9781611226379 | ||
| 040 |
_aCaPaEBR _cCaPaEBR |
||
| 035 | _a(OCoLC)847647422 | ||
| 050 | 1 | 4 |
_aTP248.27.A46 _bL36 2010eb |
| 082 | 0 | 4 |
_a662/.88 _223 |
| 245 | 0 | 0 |
_aMicroalgae for biofuel production and CO2 sequestration _h[electronic resource] / _cChristopher Q. Lan and Bei Wang. |
| 260 |
_aHauppauge, N.Y. : _bNova Science Publishers, _cc2010. |
||
| 300 |
_a168 p. : _bill. (some col.). |
||
| 490 | 1 | _aEnergy science, engineering and technology series. | |
| 504 | _aIncludes bibliographical references and index. | ||
| 533 |
_aElectronic reproduction. _bPalo Alto, Calif. : _cebrary, _d2013. _nAvailable via World Wide Web. _nAccess may be limited to ebrary affiliated libraries. |
||
| 650 | 0 |
_aMicroalgae _xBiotechnology. |
|
| 650 | 0 | _aBiomass energy. | |
| 650 | 0 | _aCarbon sequestration. | |
| 655 | 7 |
_aElectronic books. _2local |
|
| 700 | 1 |
_aWang, Bei, _d1963- |
|
| 710 | 2 | _aebrary, Inc. | |
| 830 | 0 | _aEnergy science, engineering and technology series. | |
| 856 | 4 | 0 |
_uhttp://site.ebrary.com/lib/rucke/Doc?id=10661742 _zAn electronic book accessible through the World Wide Web; click to view |
| 999 |
_c169831 _d169831 |
||